[Event "Natal Potiguar op"]
[Site "Natal"]
[Date "2011.10.02"]
[Round "4"]
[White "Rodrigues, Flavio Leite"]
[Black "Da Costa, Jose Artanael Campo"]
[Result "1/2-1/2"]
[WhiteElo "1892"]
[BlackElo "2035"]
[PlyCount "28"]
[EventDate "2011.10.01"]
[EventType "swiss"]
[EventRounds "9"]
[EventCountry "BRA"]
[SourceTitle "EXT 2012"]
[Source "ChessBase"]
[SourceDate "2011.11.24"]
[SourceVersion "1"]
[SourceVersionDate "2011.11.24"]
[SourceQuality "1"]

1. d4 Nf6 2. Nf3 e6 3. e3 b6 4. Bd3 Bb7 5. 0-0 c5 6. b3 d5 7. Bb2 Nbd7 8. Ne5 cxd4 9. exd4 Rc8 10. f4 Be7 11. Nd2 0-0 12. Qe2 Ne8 13. Rae1 Bb4 14. Rf3 f5 1/2-1/2

[Event "Recife Arraes Memorial 4th"]
[Site "Recife"]
[Date "2011.06.02"]
[Round "1"]
[White "Brito, Luismar Jorge"]
[Black "Rodrigues, Flavio Leite"]
[Result "1-0"]
[WhiteElo "2277"]
[BlackElo "1902"]
[PlyCount "117"]
[EventDate "2011.06.02"]
[EventType "swiss"]
[EventRounds "7"]
[EventCountry "BRA"]
[SourceTitle "EXT 2012"]
[Source "ChessBase"]
[SourceDate "2011.11.24"]
[SourceVersion "1"]
[SourceVersionDate "2011.11.24"]
[SourceQuality "1"]

1. Nc3 d5 2. e4 e6 3. Nf3 Nf6 4. e5 Nfd7 5. d4 c5 6. dxc5 Bxc5 7. Bd3 Nc6 8. Bf4 Be7 9. h3 b6 10. 0-0 Bb7 11. Nb5 Nc5 12. Nfd4 Nxd4 13. Nxd4 a6 14. Be3 Rc8 15. f4 Nxd3 16. cxd3 0-0 17. f5 exf5 18. Nxf5 Rc6 19. Bd4 Bc5 20. b4 Bxd4+ 21. Nxd4 Rg6 22. Qe1 Qg5 23. Qf2 Bc8 24. Nf3 Qf5 25. Nh4 Qxf2+ 26. Kxf2 Re6 27. Nf3 f6 28. exf6 Rexf6 29. Kg3 Rg6+ 30. Kh2 Rgf6 31. Rac1 Bd7 32. Rfe1 Bb5 33. Rc7 Bxd3 34. Ree7 Bg6 35. Rxg7+ Kh8 36. Nd4 Rg8 37. Rxg8+ Kxg8 38. a3 Be4 39. g4 Rf2+ 40. Kg3 Ra2 41. Rc3 Rd2 42. Ne6 Rd3+ 43. Rxd3 Bxd3 44. Kf4 a5 45. Ke5 axb4 46. axb4 Bf1 47. Nf4 Kg7 48. h4 Bc4 49. Nxd5 Be2 50. g5 h6 51. Nxb6 hxg5 52. hxg5 Kg6 53. Kf4 Bb5 54. Nc8 Bd7 55. Nd6 Bc6 56. b5 Bh1 57. b6 Bc6 58. b7 Bxb7 59. Nxb7 1-0

[Event "Natal Steinitz Memorial 2nd"]
[Site "Natal"]
[Date "2011.05.15"]
[Round "4"]
[White "Jordao Barbosa, Marcio Ferre"]
[Black "Rodrigues, Flavio Leite"]
[Result "1/2-1/2"]
[WhiteElo "1812"]
[BlackElo "1902"]
[PlyCount "78"]
[EventDate "2011.05.13"]
[EventType "swiss"]
[EventRounds "5"]
[EventCountry "BRA"]
[SourceTitle "EXT 2013"]
[Source "ChessBase"]
[SourceDate "2012.11.22"]
[SourceVersion "1"]
[SourceVersionDate "2012.11.22"]
[SourceQuality "1"]

1. e4 e6 2. d4 d5 3. Nc3 Bb4 4. e5 b6 5. f4 Ne7 6. a3 Bxc3+ 7. bxc3 c5 8. Nf3 Ba6 9. Bd3 Bxd3 10. Qxd3 Nd7 11. Be3 Qc7 12. 0-0 h5 13. Nh4 g6 14. Nf3 Nf5 15. Bf2 Rc8 16. Ra2 cxd4 17. cxd4 Qc4 18. Qb3 0-0 19. a4 Rc7 20. a5 b5 21. a6 Qxb3 22. cxb3 Rc3 23. Rb1 Rb8 24. Kf1 Rb6 25. Be1 Rcc6 26. Ra5 Rc2 27. Nh4 Nb8 28. Nxf5 gxf5 29. Bb4 Nxa6 30. Bd6 b4 31. Rba1 Rcc6 32. g3 f6 33. Kg2 fxe5 34. Bxe5 Kf7 35. Kh3 Kg6 36. R1a2 Kf7 37. Kh4 Kg6 38. Kh3 Kh6 39. R2a4 Kg6 1/2-1/2

[Event "Recife Arraes Memorial 3rd"]
[Site "Recife"]
[Date "2010.10.10"]
[Round "4.11"]
[White "Rodrigues, Flavio Leite"]
[Black "Ribeiro, Matheus Cavalcante"]
[Result "0-1"]
[WhiteElo "1992"]
[BlackElo "2110"]
[PlyCount "82"]
[EventDate "2010.10.09"]
[EventType "swiss"]
[EventRounds "5"]
[EventCountry "BRA"]
[SourceTitle "EXT 2022"]
[Source "ChessBase"]
[SourceDate "2021.10.06"]
[SourceVersion "1"]
[SourceVersionDate "2021.10.06"]
[SourceQuality "1"]

1. d4 c5 2. c3 Nf6 3. Nf3 e6 4. Bf4 d5 5. e3 Bd6 6. Bg5 0-0 7. Bd3 Nc6 8. 0-0 e5 9. dxe5 Nxe5 10. Nxe5 Bxe5 11. f4 Bc7 12. Nd2 Re8 13. Qf3 c4 14. Bc2 Rxe3 15. Bxf6 Rxf3 16. Bxd8 Rxf1+ 17. Nxf1 Bxd8 18. Ne3 Bb6 19. Kf2 Bd7 20. Re1 Re8 21. Bd1 Bc6 22. Bf3 Re7 23. b3 cxb3 24. axb3 a5 25. b4 a4 26. b5 Bxb5 27. Bxd5 Bc6 28. Bc4 Rxe3 29. Rxe3 Bxe3+ 30. Kxe3 Bxg2 31. Bb5 Bc6 32. Bxc6 bxc6 33. Kd3 Kf8 34. Kc4 c5 35. Kd3 Ke7 36. c4 Kf6 37. Kc3 Kf5 38. Kb2 Kxf4 39. Ka3 Ke4 40. Kxa4 Kd4 41. Kb5 f5 0-1

[Event "Paraiban-ch op 2nd"]
[Site "Joao Pessoa"]
[Date "2010.08.06"]
[Round "2"]
[White "Asfora, Marco Antonio Hazin"]
[Black "Rodrigues, Flavio Leite"]
[Result "1-0"]
[WhiteElo "2218"]
[BlackElo "1934"]
[PlyCount "79"]
[EventDate "2010.08.06"]
[EventType "swiss"]
[EventRounds "6"]
[EventCountry "BRA"]
[SourceTitle "CBM 137 Extra"]
[Source "ChessBase"]
[SourceDate "2010.09.01"]
[SourceVersion "1"]
[SourceVersionDate "2010.09.01"]
[SourceQuality "1"]

1. d4 Nf6 2. Nf3 e6 3. c4 Bb4+ 4. Bd2 Qe7 5. Qb3 Bxd2+ 6. Nbxd2 d6 7. e3 0-0 8. Be2 Nc6 9. 0-0 e5 10. d5 Nb8 11. e4 Nh5 12. g3 g6 13. Ne1 Ng7 14. Nd3 Nd7 15. f3 f5 16. Qc2 Nf6 17. Nf2 fxe4 18. fxe4 Bd7 19. b4 a5 20. a3 b6 21. c5 Rfc8 22. c6 Be8 23. Bg4 Rcb8 24. Bh3 h6 25. Nc4 axb4 26. axb4 g5 27. Ne3 Bg6 28. Neg4 Kh7 29. Nxf6+ Qxf6 30. Ng4 Qe7 31. Nf6+ Kh8 32. Nd7 Rd8 33. Bf5 Bh7 34. g4 Nxf5 35. gxf5 Qf7 36. Qe2 Rg8 37. Rfc1 g4 38. Qf2 Qh5 39. Nf6 Rxa1 40. Rxa1 1-0

[Event "Fortaleza op"]
[Site "Fortaleza"]
[Date "2010.06.06"]
[Round "6"]
[White "Carneiro, Francisco Caninde S"]
[Black "Rodrigues, Flavio Leite"]
[Result "1/2-1/2"]
[WhiteElo "1974"]
[BlackElo "1929"]
[PlyCount "146"]
[EventDate "2010.06.03"]
[EventType "swiss"]
[EventRounds "7"]
[EventCountry "BRA"]
[SourceTitle "CBM 136 Extra"]
[Source "ChessBase"]
[SourceDate "2010.07.02"]
[SourceVersion "2"]
[SourceVersionDate "2010.07.15"]
[SourceQuality "1"]

1. e4 d5 2. exd5 Qxd5 3. d4 Nc6 4. Be3 Nf6 5. Nc3 Qa5 6. h3 Ne4 7. Nge2 Bf5 8. f3 Nxc3 9. Nxc3 Nb4 10. Bb5+ c6 11. Ba4 e6 12. 0-0 Nd5 13. Nxd5 exd5 14. Bb3 Bd6 15. Bd2 Qc7 16. Re1+ Be6 17. c3 0-0-0 18. Rc1 Qd7 19. c4 dxc4 20. Bxc4 Bxc4 21. Rxc4 Kb8 22. Be3 Bc7 23. b4 Rhe8 24. Qc1 Qd6 25. Kf1 Qg6 26. Qa3 Rd5 27. Qc3 Re6 28. a4 f5 29. Rc1 Qe8 30. Bf2 Bf4 31. Rc2 Be3 32. b5 Bxf2 33. Kxf2 f4 34. bxc6 Rxc6 35. Rxc6 Qxc6 36. Qxc6 bxc6 37. Rc4 Kc7 38. Ke2 Rg5 39. Kf2 Kd6 40. Rb4 Kc7 41. Kg1 a5 42. Rc4 Rd5 43. Kf2 Kd6 44. g3 fxg3+ 45. Kxg3 c5 46. dxc5+ Rxc5 47. Rg4 g6 48. Rf4 Ke5 49. h4 Rc3 50. Re4+ Kf5 51. Rd4 Ke5 52. Re4+ Kf5 53. Kf2 Rc2+ 54. Ke3 Rc3+ 55. Ke2 Ra3 56. Rc4 Ra2+ 57. Ke3 Ra3+ 58. Kf2 Ra2+ 59. Kg3 Re2 60. Rf4+ Ke5 61. Rc4 Kd5 62. Rf4 Ke5 63. Rf8 Kd6 64. Rf6+ Re6 65. Rf4 Re2 66. Rd4+ Kc5 67. Re4 Rd2 68. Kf4 Rg2 69. Re5+ Kb4 70. Re4+ Kb3 71. Ke5 Rg3 72. Kf4 Rg1 73. Ke5 Rg3 1/2-1/2

[Event "Fortaleza op"]
[Site "Fortaleza"]
[Date "2010.06.04"]
[Round "2"]
[White "Macedo, Maximo Iack Miranda"]
[Black "Rodrigues, Flavio Leite"]
[Result "1-0"]
[WhiteElo "2354"]
[BlackElo "1929"]
[PlyCount "67"]
[EventDate "2010.06.03"]
[EventType "swiss"]
[EventRounds "7"]
[EventCountry "BRA"]
[SourceTitle "CBM 136 Extra"]
[Source "ChessBase"]
[SourceDate "2010.07.02"]
[SourceVersion "2"]
[SourceVersionDate "2010.07.15"]
[SourceQuality "1"]

1. d4 Nf6 2. Nc3 d5 3. Bg5 Nbd7 4. Qd3 g6 5. f3 Bg7 6. e4 dxe4 7. fxe4 Nb6 8. Nf3 0-0 9. Qd2 c6 10. 0-0-0 Be6 11. e5 Nfd5 12. Ne4 f6 13. Nc5 Qc8 14. Bh6 Bg4 15. Bxg7 Kxg7 16. Be2 Rb8 17. Rde1 Nc7 18. Rhf1 Ne6 19. exf6+ exf6 20. Bd1 Re8 21. Ne4 Qc7 22. Nxf6 Kxf6 23. Ne5+ Bf5 24. g4 Kg7 25. gxf5 gxf5 26. Rg1+ Kf8 27. Qh6+ Ke7 28. Bh5 Rg8 29. Rxg8 Rxg8 30. Bf7 Rg6 31. Qxh7 Rg7 32. Qh4+ Kd6 33. Nc4+ Nxc4 34. Rxe6+ 1-0

[Event "BRA-ch sf"]
[Site "Vitoria"]
[Date "2009.11.02"]
[Round "7"]
[White "Cantarino Neto, Mario Ribeiro"]
[Black "Rodrigues, Flavio Leite"]
[Result "1-0"]
[WhiteElo "2108"]
[BlackElo "1915"]
[PlyCount "75"]
[EventDate "2009.10.30"]
[EventType "swiss"]
[EventRounds "7"]
[EventCountry "BRA"]
[SourceTitle "EXT 2010"]
[Source "ChessBase"]
[SourceDate "2010.11.25"]
[SourceVersion "1"]
[SourceVersionDate "2010.11.25"]
[SourceQuality "1"]

1. d4 Nf6 2. c4 e6 3. Nf3 Bb4+ 4. Nbd2 b6 5. g3 Bb7 6. Bg2 0-0 7. 0-0 Re8 8. a3 Bf8 9. b4 d6 10. Bb2 Nbd7 11. Qc2 c5 12. e4 cxd4 13. Nxd4 Rc8 14. Qb3 a6 15. Rac1 d5 16. cxd5 exd5 17. exd5 b5 18. Nc6 Bxc6 19. dxc6 Ne5 20. Rfd1 Qb6 21. Nf3 Nxc6 22. Ng5 Re7 23. Nxf7 Rxf7 24. Bxf6 gxf6 25. Qe6 Rcc7 26. Rxc6 Rxc6 27. Bxc6 Kg7 28. Qg4+ Kh8 29. Bd5 Rg7 30. Qc8 Qd6 31. Bf3 Rc7 32. Rxd6 Rxc8 33. Rxf6 a5 34. bxa5 Bxa3 35. a6 Rc7 36. Rb6 Rc1+ 37. Kg2 Rc2 38. a7 1-0

[Event "Natal zone Norteriograndense"]
[Site "Natal"]
[Date "2009.10.11"]
[Round "5.3"]
[White "Azevedo, Alcides Alexandre"]
[Black "Rodrigues, Flavio Leite"]
[Result "1/2-1/2"]
[WhiteElo "2092"]
[BlackElo "1915"]
[PlyCount "90"]
[EventDate "2009.10.08"]
[EventType "swiss"]
[EventRounds "5"]
[EventCountry "BRA"]
[SourceTitle "EXT 2022"]
[Source "ChessBase"]
[SourceDate "2021.10.06"]
[SourceVersion "1"]
[SourceVersionDate "2021.10.06"]
[SourceQuality "1"]

1. c4 Nf6 2. d4 e6 3. Nc3 Bb4 4. Qc2 Nc6 5. Nf3 d6 6. a3 Bxc3+ 7. Qxc3 0-0 8. b4 Ne4 9. Qc2 f5 10. Bb2 Ne7 11. e3 c6 12. Bd3 d5 13. Ne5 Bd7 14. 0-0 Ng6 15. Nxg6 hxg6 16. f3 Nf6 17. Rae1 Kf7 18. e4 Rh8 19. cxd5 cxd5 20. e5 Ng8 21. g3 Rc8 22. Qe2 Qb6 23. Rc1 Ne7 24. Rc5 a6 25. Rfc1 Bc6 26. Qe3 Qd8 27. h4 Rh5 28. f4 Qb6 29. Be2 Rhh8 30. Qb3 Qa7 31. a4 b6 32. R5c2 Bd7 33. b5 axb5 34. axb5 Qb7 35. Ba3 Rxc2 36. Rxc2 Re8 37. Bd6 Rc8 38. Bxe7 Kxe7 39. Qb4+ Kf7 40. Rxc8 Qxc8 41. Qd6 Qb7 42. Kf2 Qa7 43. Ke3 Qb7 44. Kf2 Qa7 45. Ke3 Qb7 1/2-1/2

[Event "Natal zone Norteriograndense"]
[Site "Natal"]
[Date "2009.10.11"]
[Round "4.3"]
[White "Rodrigues, Flavio Leite"]
[Black "Rocha, Vitor Firmo de Souz"]
[Result "0-1"]
[WhiteElo "1915"]
[BlackElo "1746"]
[PlyCount "116"]
[EventDate "2009.10.08"]
[EventType "swiss"]
[EventRounds "5"]
[EventCountry "BRA"]
[SourceTitle "EXT 2022"]
[Source "ChessBase"]
[SourceDate "2021.10.06"]
[SourceVersion "1"]
[SourceVersionDate "2021.10.06"]
[SourceQuality "1"]

1. Nf3 f5 2. g3 Nf6 3. Bg2 g6 4. 0-0 Bg7 5. d4 0-0 6. b4 a5 7. b5 d6 8. Bb2 c6 9. Nc3 Qc7 10. a4 e5 11. bxc6 bxc6 12. dxe5 dxe5 13. Qc1 Rd8 14. Rd1 Nd5 15. e3 Nxc3 16. Bxc3 Rxd1+ 17. Qxd1 e4 18. Nd4 Na6 19. Bf1 Nc5 20. Bc4+ Kh8 21. Qe1 Ba6 22. Ne6 Nxe6 23. Bxe6 Bxc3 24. Qxc3+ Qg7 25. Qd4 Qxd4 26. exd4 Rb8 27. Bd7 Rb6 28. c3 Bc4 29. Re1 Bd5 30. Rc1 Bc4 31. g4 f4 32. g5 Kg7 33. Bh3 Kf7 34. Bf1 Bxf1 35. Kxf1 Ke6 36. c4 Rb4 37. d5+ cxd5 38. cxd5+ Kxd5 39. Rc7 Rxa4 40. Rxh7 Ra1+ 41. Kg2 Ke6 42. h4 Kf5 43. Kh2 e3 44. fxe3 fxe3 45. Re7 Ra2+ 46. Kg3 e2 47. Rf7+ Ke4 48. Kf2 a4 49. Rf6 a3 50. Rxg6 Rb2 51. Re6+ Kf5 52. Rf6+ Kg4 53. g6 a2 54. Ra6 e1Q+ 55. Kxe1 Rb1+ 56. Kf2 a1Q 57. Rxa1 Rxa1 58. g7 Ra8 0-1

[Event "Natal zone Norteriograndense"]
[Site "Natal"]
[Date "2009.10.09"]
[Round "2.3"]
[White "Rodrigues, Flavio Leite"]
[Black "Macedo, Alexandre Soares"]
[Result "1/2-1/2"]
[WhiteElo "1915"]
[BlackElo "1980"]
[PlyCount "126"]
[EventDate "2009.10.08"]
[EventType "swiss"]
[EventRounds "5"]
[EventCountry "BRA"]
[SourceTitle "EXT 2022"]
[Source "ChessBase"]
[SourceDate "2021.10.06"]
[SourceVersion "1"]
[SourceVersionDate "2021.10.06"]
[SourceQuality "1"]

1. d4 d5 2. c4 Nf6 3. cxd5 Nxd5 4. Nf3 e6 5. Nc3 b6 6. e3 Be7 7. Bd2 Bb7 8. Rc1 Nd7 9. Bd3 0-0 10. 0-0 Rc8 11. Re1 Re8 12. e4 Nxc3 13. Bxc3 c5 14. Bb1 cxd4 15. Qxd4 Bf6 16. e5 Be7 17. Qd3 Nf8 18. Nd4 a6 19. Qg3 b5 20. Red1 Qb6 21. Nb3 b4 22. Bd2 a5 23. Be3 Rxc1 24. Rxc1 Qd8 25. h3 a4 26. Nc5 Bc6 27. Ne4 Bd5 28. Nd6 Bxd6 29. exd6 Qf6 30. Rd1 h6 31. Bc2 b3 32. axb3 axb3 33. Bd3 Kh8 34. Bb5 Rd8 35. Bd4 Qg5 36. Qxg5 hxg5 37. Bc5 Nd7 38. Ba3 Kg8 39. Rd3 f6 40. Ba4 Ne5 41. Rc3 Nc4 42. Bxb3 Nxa3 43. Bxd5 exd5 44. bxa3 Rxd6 45. Rd3 Kf7 46. g4 d4 47. a4 Ke6 48. Kf1 Kd5 49. Ra3 Kc4 50. Ke2 Ra6 51. Kd2 Ra5 52. Kc2 f5 53. f3 f4 54. Kd2 Kb4 55. Ra1 Kc4 56. Rc1+ Kb3 57. Rb1+ Kc4 58. Rc1+ Kd5 59. Ra1 Kc4 60. Rc1+ Kb3 61. Rb1+ Kc4 62. Rc1+ Kd5 63. Ra1 Kc4 1/2-1/2

[Event "Potiguar-ch sf"]
[Site "Natal"]
[Date "2009.08.30"]
[Round "6.8"]
[White "Rodrigues, Flavio Leite"]
[Black "Rocha Filho, Orlando Donato"]
[Result "1/2-1/2"]
[WhiteElo "1884"]
[BlackElo "1791"]
[PlyCount "73"]
[EventDate "2009.08.26"]
[EventType "swiss"]
[EventRounds "7"]
[EventCountry "BRA"]
[SourceTitle "EXT 2022"]
[Source "ChessBase"]
[SourceDate "2021.10.06"]
[SourceVersion "1"]
[SourceVersionDate "2021.10.06"]
[SourceQuality "1"]

1. Nf3 Nf6 2. c4 g6 3. b4 Bg7 4. Bb2 d6 5. g3 0-0 6. Bg2 c6 7. 0-0 Be6 8. d3 Qd7 9. Re1 Na6 10. a3 Nc7 11. Nbd2 Qd8 12. a4 Rb8 13. b5 c5 14. Ng5 h6 15. Nxe6 Nxe6 16. Ne4 Nxe4 17. Bxg7 Nxf2 18. Kxf2 Kxg7 19. e3 Ng5 20. Kg1 Qd7 21. Ra2 Nh7 22. a5 Nf6 23. b6 a6 24. Qf3 e6 25. d4 Rfc8 26. Rf1 Ng8 27. Raf2 f5 28. d5 e5 29. e4 Rf8 30. exf5 Rxf5 31. Bh3 Rxf3 32. Bxd7 Rxf2 33. Rxf2 Ne7 34. g4 Rf8 35. Rxf8 Kxf8 36. Kf2 Kf7 37. Kf3 1/2-1/2

[Event "Potiguar-ch sf"]
[Site "Natal"]
[Date "2009.08.29"]
[Round "4.8"]
[White "Rodrigues, Flavio Leite"]
[Black "Lima Junior, Jose Arlindo Costa"]
[Result "1-0"]
[WhiteElo "1884"]
[BlackElo "1914"]
[PlyCount "63"]
[EventDate "2009.08.26"]
[EventType "swiss"]
[EventRounds "7"]
[EventCountry "BRA"]
[SourceTitle "EXT 2022"]
[Source "ChessBase"]
[SourceDate "2021.10.06"]
[SourceVersion "1"]
[SourceVersionDate "2021.10.06"]
[SourceQuality "1"]

1. Nf3 Nf6 2. d4 g6 3. c4 Bg7 4. Nc3 0-0 5. e4 d6 6. Be2 Nbd7 7. Be3 e5 8. d5 Nc5 9. Nd2 a5 10. g4 Nfd7 11. h4 h6 12. Qc2 a4 13. Nf1 Nb6 14. Ng3 Bd7 15. Bxc5 dxc5 16. Nd1 Nc8 17. Ne3 Nd6 18. h5 g5 19. 0-0 Qf6 20. Nef5 Bh8 21. Rab1 Kh7 22. b3 axb3 23. axb3 b6 24. b4 cxb4 25. Rxb4 Nb7 26. c5 Nxc5 27. d6 Qd8 28. dxc7 Qxc7 29. Rfb1 Rfb8 30. Ne3 Be6 31. Nd5 Kg8 32. Nxc7 1-0

[Event "American Continental 06th"]
[Site "Sao Paulo"]
[Date "2009.08.02"]
[Round "10"]
[White "Resende, Carlos Alberto Fig"]
[Black "Rodrigues, Flavio Leite"]
[Result "1/2-1/2"]
[WhiteElo "2081"]
[BlackElo "1884"]
[PlyCount "51"]
[EventDate "2009.07.25"]
[EventType "swiss"]
[EventRounds "11"]
[EventCountry "BRA"]
[SourceTitle "EXT 2022"]
[Source "ChessBase"]
[SourceDate "2021.10.06"]
[SourceVersion "1"]
[SourceVersionDate "2021.10.06"]
[SourceQuality "1"]

1. e4 c6 2. d4 d5 3. Nc3 dxe4 4. Nxe4 Bf5 5. Ng3 Bg6 6. h4 h6 7. Nf3 Nd7 8. h5 Bh7 9. Bd3 Bxd3 10. Qxd3 e6 11. Bf4 Bb4+ 12. c3 Be7 13. 0-0-0 Ngf6 14. c4 0-0 15. Kb1 Qa5 16. Ne5 Rad8 17. Qb3 Qb4 18. Qc2 c5 19. Bd2 Qb6 20. Bc3 cxd4 21. Bxd4 Bc5 22. Nxd7 Nxd7 23. Bxc5 Nxc5 24. f3 Qc7 25. Ne4 Nxe4 26. Qxe4 1/2-1/2

[Event "American Continental 06th"]
[Site "Sao Paulo"]
[Date "2009.07.28"]
[Round "5"]
[White "Rodrigues, Flavio Leite"]
[Black "De Sousa, Matheus Mazim"]
[Result "1-0"]
[WhiteElo "1884"]
[BlackElo "1817"]
[PlyCount "117"]
[EventDate "2009.07.25"]
[EventType "swiss"]
[EventRounds "11"]
[EventCountry "BRA"]
[SourceTitle "CBM 132 Extra"]
[Source "ChessBase"]
[SourceDate "2009.11.03"]
[SourceVersion "1"]
[SourceVersionDate "2009.11.03"]
[SourceQuality "1"]

1. Nf3 d5 2. c4 dxc4 3. e3 a6 4. Bxc4 b5 5. Be2 Bb7 6. d4 e5 7. 0-0 Nf6 8. Nbd2 Be7 9. a3 0-0 10. b4 Nbd7 11. Bb2 Nb6 12. Rb1 c6 13. Nxe5 Rc8 14. Bf3 Nbd5 15. Nb3 Nd7 16. Nd3 N7b6 17. Na5 Ba8 18. Ne5 Qd6 19. Qb3 Na4 20. Ba1 Bd8 21. Nac4 Qe7 22. Nd2 Bc7 23. Nd3 f5 24. Nc5 Nxc5 25. dxc5 Qg5 26. Bxd5+ cxd5 27. f4 Qe7 28. Nf3 Bc6 29. Be5 Bxe5 30. Nxe5 Rc7 31. Qd1 Rf6 32. Rf3 Rh6 33. Rg3 Qh4 34. Rh3 Qf6 35. Qf3 Rxh3 36. Qxh3 g6 37. Qh6 Be8 38. h4 Qg7 39. Qg5 Qe7 40. Kf2 h6 41. Qxe7 Rxe7 42. Nf3 Rc7 43. Ke2 Kf7 44. Kd3 Kf8 45. Kd4 Bc6 46. Ne5 Rc8 47. Nxc6 Rxc6 48. a4 bxa4 49. Ra1 g5 50. hxg5 hxg5 51. g3 gxf4 52. gxf4 Rc7 53. Rxa4 Rb7 54. c6 Rb6 55. Kc5 Rb5+ 56. Kd6 d4 57. exd4 Rd5+ 58. Kc7 Rxd4 59. Kb7 1-0

[Event "Natal Potiguar op 4th"]
[Site "Natal"]
[Date "2009.07.12"]
[Round "6"]
[White "Rocha Filho, Orlando Donato"]
[Black "Rodrigues, Flavio Leite"]
[Result "0-1"]
[WhiteElo "1793"]
[BlackElo "1884"]
[PlyCount "60"]
[EventDate "2009.07.10"]
[EventType "swiss"]
[EventRounds "6"]
[EventCountry "BRA"]
[SourceTitle "EXT 2012"]
[Source "ChessBase"]
[SourceDate "2011.11.24"]
[SourceVersion "1"]
[SourceVersionDate "2011.11.24"]
[SourceQuality "1"]

1. b3 e5 2. Bb2 d6 3. e3 Nf6 4. Nf3 Bg4 5. Be2 Nc6 6. c4 g6 7. Nc3 Bg7 8. h3 Bd7 9. d3 0-0 10. 0-0 Ne8 11. Nd2 f5 12. Nd5 Nf6 13. Bf3 Rb8 14. a3 Ne7 15. Nb4 g5 16. g3 g4 17. hxg4 fxg4 18. Be4 Nxe4 19. Nxe4 Ng6 20. Kg2 h5 21. Nd2 h4 22. gxh4 Nxh4+ 23. Kg3 Nf5+ 24. Kg2 Qh4 25. Qe2 Qh3+ 26. Kg1 Nh4 27. f4 gxf3 28. Qh2 Qg4+ 29. Kf2 Qg2+ 30. Qxg2 fxg2+ 0-1

[Event "Natal Potiguar op 4th"]
[Site "Natal"]
[Date "2009.07.11"]
[Round "3"]
[White "Rodrigues, Flavio Leite"]
[Black "Rocha, Vitor Firmo de Souz"]
[Result "1-0"]
[WhiteElo "1884"]
[BlackElo "1738"]
[PlyCount "73"]
[EventDate "2009.07.10"]
[EventType "swiss"]
[EventRounds "6"]
[EventCountry "BRA"]
[SourceTitle "EXT 2012"]
[Source "ChessBase"]
[SourceDate "2011.11.24"]
[SourceVersion "1"]
[SourceVersionDate "2011.11.24"]
[SourceQuality "1"]

1. Nf3 f5 2. g3 Nf6 3. Bg2 g6 4. 0-0 Bg7 5. d4 0-0 6. b4 d6 7. Bb2 h6 8. c4 Nbd7 9. Qb3 Re8 10. Nc3 e5 11. c5+ Kh7 12. cxd6 cxd6 13. dxe5 dxe5 14. Nh4 Re7 15. e4 f4 16. Rfd1 a6 17. Nd5 Nxd5 18. Rxd5 Qg8 19. Qd3 Qf7 20. a4 Nb6 21. Rc5 Bd7 22. Qc2 Rc8 23. Rxc8 Bxc8 24. Rc1 Be6 25. Bf1 fxg3 26. hxg3 Bb3 27. Qd3 Nxa4 28. Ba1 Rd7 29. Qe3 Be6 30. Nf3 Qe7 31. Nxe5 Bxe5 32. Bxe5 Qd8 33. b5 axb5 34. Bxb5 Rd1+ 35. Kg2 Rxc1 36. Qxc1 Bd7 37. Qc4 1-0

[Event "Natal Magistral 6th B"]
[Site "Natal"]
[Date "2009.02.22"]
[Round "4.6"]
[White "Rodrigues, Flavio Leite"]
[Black "Macedo, Alexandre Soares"]
[Result "0-1"]
[WhiteElo "1884"]
[BlackElo "2029"]
[PlyCount "68"]
[EventDate "2009.02.20"]
[EventType "swiss"]
[EventRounds "8"]
[EventCountry "BRA"]
[SourceTitle "EXT 2022"]
[Source "ChessBase"]
[SourceDate "2021.10.06"]
[SourceVersion "1"]
[SourceVersionDate "2021.10.06"]
[SourceQuality "1"]

1. Nf3 b5 2. e4 a6 3. d4 Bb7 4. Bd3 e6 5. 0-0 c5 6. c3 Ne7 7. Bg5 c4 8. Bc2 d6 9. Nbd2 Nd7 10. Qe2 Qc7 11. a4 Ng6 12. Ra2 Be7 13. Rfa1 0-0 14. Bxe7 Nxe7 15. Ng5 h6 16. Nh3 e5 17. f4 f6 18. Qg4 f5 19. exf5 Nf6 20. Qe2 exd4 21. Qe6+ Rf7 22. cxd4 Bd5 23. Qe3 b4 24. b3 c3 25. Nf3 Ng4 26. Qd3 Nf6 27. Nf2 Qc6 28. Ne5 dxe5 29. fxe5 Nh5 30. Qh3 Nf4 31. Qg4 Nxg2 32. f6 Ne3 33. Qg3 N7f5 34. Qf4 g5 0-1

[Event "Natal Magistral 6th B"]
[Site "Natal"]
[Date "2009.02.21"]
[Round "3.7"]
[White "Rodrigues, Flavio Leite"]
[Black "Oliveira Jr, Antonio Fernandes"]
[Result "1-0"]
[WhiteElo "1884"]
[BlackElo "1883"]
[PlyCount "117"]
[EventDate "2009.02.20"]
[EventType "swiss"]
[EventRounds "8"]
[EventCountry "BRA"]
[SourceTitle "EXT 2022"]
[Source "ChessBase"]
[SourceDate "2021.10.06"]
[SourceVersion "1"]
[SourceVersionDate "2021.10.06"]
[SourceQuality "1"]

1. Nf3 Nf6 2. c4 g6 3. g3 Bg7 4. Nc3 0-0 5. Bg2 c6 6. 0-0 d5 7. cxd5 Nxd5 8. Nxd5 cxd5 9. Rb1 Bf5 10. d3 Qd7 11. Qb3 Na6 12. Bd2 Nc5 13. Qa3 b6 14. Rfc1 Rac8 15. Bb4 Qb5 16. Bxc5 bxc5 17. Qxa7 c4 18. a4 Qb4 19. Nd4 Ra8 20. Nc6 Rxa7 21. Nxb4 e6 22. e4 dxe4 23. dxe4 Rxa4 24. Nc6 Bxe4 25. Bxe4 c3 26. b4 f5 27. Bg2 f4 28. gxf4 Rxf4 29. b5 Ra2 30. Nb4 Rb2 31. Nd3 Rxb1 32. Rxb1 Rd4 33. Ne1 Rd2 34. Rc1 Rb2 35. Bc6 Bd4 36. Rc2 Rb1 37. Kf1 Kf7 38. Ke2 e5 39. Nf3 Rb2 40. Nxd4 exd4 41. Rxb2 cxb2 42. Be4 Ke7 43. b6 Kd7 44. b7 Kc7 45. Kd2 d3 46. Bxd3 Kxb7 47. Kc2 b1Q+ 48. Kxb1 Kc6 49. Kc2 Kd5 50. Kd2 Ke5 51. Ke3 Kf6 52. Kf4 h6 53. h4 Kg7 54. Ke5 Kf7 55. Be4 Kg7 56. Ke6 g5 57. hxg5 hxg5 58. Kf5 Kh6 59. Bf3 1-0

[Event "Natal Verao"]
[Site "Natal"]
[Date "2009.02.06"]
[Round "4.12"]
[White "Rodrigues, Flavio Leite"]
[Black "Bonifacio, Lucas Isaac Galdino"]
[Result "1-0"]
[WhiteElo "1884"]
[BlackElo "1851"]
[PlyCount "81"]
[EventDate "2009.02.06"]
[EventType "swiss"]
[EventRounds "6"]
[EventCountry "BRA"]
[SourceTitle "EXT 2022"]
[Source "ChessBase"]
[SourceDate "2021.10.06"]
[SourceVersion "1"]
[SourceVersionDate "2021.10.06"]
[SourceQuality "1"]

1. Nf3 Nf6 2. c4 c5 3. Nc3 e6 4. d4 cxd4 5. Nxd4 a6 6. g3 Nc6 7. Bg2 d5 8. cxd5 exd5 9. 0-0 h6 10. Be3 Be7 11. Rc1 0-0 12. Nxc6 bxc6 13. Na4 Bd7 14. Bc5 Rb8 15. b3 Re8 16. Qd3 Rb5 17. Rfd1 Ng4 18. e4 Ne5 19. Qc3 Bf6 20. Bd4 Qe7 21. f4 Ng6 22. e5 Nxf4 23. gxf4 Bh4 24. Rf1 Bg4 25. Qe3 Bf5 26. Rxc6 Qd7 27. Rfc1 Be4 28. Bxe4 dxe4 29. Qxe4 Qg4+ 30. Kh1 Rb4 31. Rg1 Qd7 32. Qg2 g5 33. Rd6 Qf5 34. fxg5 hxg5 35. Bb2 Rc8 36. e6 fxe6 37. Nb6 Re8 38. Nc4 Rf8 39. Rxa6 Rbb8 40. Ra7 Rfd8 41. Rg7+ 1-0